000 00720nam a2200241 a 4500
003 MX-MxUPN
005 20241017125311.0
008 991125s1946 ch gr 000 0 spa d
035 _aUPN01000005759
040 _aMX-MxUPN
_bspa
_cMX-MxUPN
041 _aspa
050 4 _aPQ8097 M5
_bP52
100 1 _aPinilla, Norberto
_954191
245 1 0 _aBiografía de Gabriela Mistral
260 _aSantiago de Chile :
_bEditorial Tegualda,
_c1946.
300 _a128 páginas
600 1 2 _aMistral, Gabriela,
_d1889-1957
_929249
650 0 _aPoesía chilena
_91228
710 2 _951335
_aMuseo Pedagógico Nacional (México)
_epropietario anterior
902 _bMaríaRobles/171024
905 _aLibro
942 _2lcc
_cLIBRO
_n0
999 _c5759
_d5759